Introduction to Software Testing / (Record no. 13593)
[ view plain ]
| 000 -LEADER | |
|---|---|
| fixed length control field | 01276cam a2200301 a 4500 |
| 001 - CONTROL NUMBER | |
| control field | 14977361 |
| 005 - DATE AND TIME OF LATEST TRANSACTION | |
| control field | 20161102144520.0 |
| 008 - FIXED-LENGTH DATA ELEMENTS--GENERAL INFORMATION | |
| fixed length control field | 070823s2008 nyua | b 001 0 eng d |
| 010 ## - LIBRARY OF CONGRESS CONTROL NUMBER | |
| LC control number | 2007035077 |
| 020 ## - INTERNATIONAL STANDARD BOOK NUMBER | |
| International Standard Book Number | 9780521880381 (hardback) |
| 035 ## - SYSTEM CONTROL NUMBER | |
| System control number | (OCoLC)ocn180851905 |
| 035 ## - SYSTEM CONTROL NUMBER | |
| System control number | (OCoLC)180851905 |
| 040 ## - CATALOGING SOURCE | |
| Original cataloging agency | DLC |
| Transcribing agency | DLC |
| Modifying agency | YDX |
| -- | BAKER |
| -- | BTCTA |
| -- | YDXCP |
| -- | DLC |
| 050 00 - LIBRARY OF CONGRESS CALL NUMBER | |
| Classification number | QA76.76.T48 |
| Item number | A56 2008 |
| 082 00 - DEWEY DECIMAL CLASSIFICATION NUMBER | |
| Classification number | 004.24 |
| Edition number | 22 |
| Item number | AMM |
| 100 1# - MAIN ENTRY--PERSONAL NAME | |
| Personal name | Ammann, Paul, |
| Dates associated with a name | 1961- |
| 9 (RLIN) | 12301 |
| 245 10 - TITLE STATEMENT | |
| Title | Introduction to Software Testing / |
| Statement of responsibility, etc | Paul Ammann, Jeff Offutt. |
| 260 ## - PUBLICATION, DISTRIBUTION, ETC. (IMPRINT) | |
| Place of publication, distribution, etc | Cambridge : |
| Name of publisher, distributor, etc | Cambridge University Press, |
| Date of publication, distribution, etc | c2008. |
| 300 ## - PHYSICAL DESCRIPTION | |
| Extent | xxii, 322 p. : |
| Other physical details | ill. ; |
| Dimensions | 26 cm. |
| 504 ## - BIBLIOGRAPHY, ETC. NOTE | |
| Bibliography, etc | Includes bibliographical references and index. |
| 650 #0 - SUBJECT ADDED ENTRY--TOPICAL TERM | |
| 9 (RLIN) | 12302 |
| Topical term or geographic name as entry element | Computer software |
| General subdivision | Testing |
| 700 1# - ADDED ENTRY--PERSONAL NAME | |
| Personal name | Offutt, Jeff, |
| Dates associated with a name | 1961- |
| 9 (RLIN) | 12303 |
| 856 41 - ELECTRONIC LOCATION AND ACCESS | |
| Materials specified | Table of contents only |
| Uniform Resource Identifier | <a href="http://www.loc.gov/catdir/enhancements/fy0803/2007035077-t.html">http://www.loc.gov/catdir/enhancements/fy0803/2007035077-t.html</a> |
| 856 42 - ELECTRONIC LOCATION AND ACCESS | |
| Materials specified | Publisher description |
| Uniform Resource Identifier | <a href="http://www.loc.gov/catdir/enhancements/fy0803/2007035077-d.html">http://www.loc.gov/catdir/enhancements/fy0803/2007035077-d.html</a> |
| 856 42 - ELECTRONIC LOCATION AND ACCESS | |
| Materials specified | Contributor biographical information |
| Uniform Resource Identifier | <a href="http://www.loc.gov/catdir/enhancements/fy0803/2007035077-b.html">http://www.loc.gov/catdir/enhancements/fy0803/2007035077-b.html</a> |
| 942 ## - ADDED ENTRY ELEMENTS (KOHA) | |
| Source of classification or shelving scheme | Dewey Decimal Classification |
| Item type | Book - Borrowing |
| Withdrawn status | Item status | Source of classification or shelving scheme | Damaged status | Not for loan | Vendor | Home library | Current library | Shelving location | Date acquired | Source of acquisition | Cost, normal purchase price | Serial Enumeration / chronology | Total Checkouts | Full call number | Barcode | Date last seen | Date last borrowed | Koha item type |
|---|---|---|---|---|---|---|---|---|---|---|---|---|---|---|---|---|---|---|
| Dewey Decimal Classification | Alahram | Central Library | Central Library | Lower Floor | 07/03/2010 | 300.00 | 35 | 1 | 004.24 AMM | 000019137 | 15/07/2025 | 03/04/2011 | Book - Borrowing |